Volná jízda
Saved in:
| Main Author | |
|---|---|
| Format | Electronic eBook |
| Language | Czech |
| Published |
Cosmopolis
2026
|
| Edition | 1. elektronické vydání |
| Subjects | |
| Online Access | Dostupné v BOOKPORT po přihlášení pomocí eduID |
| ISBN | 978-80-271-6420-2 978-80-271-6421-9 978-80-271-6107-2 |
| Physical Description | 1 online zdroj (392 stran) |
Cover
| LEADER | 00000nam a2200000 i 4500 | ||
|---|---|---|---|
| 001 | bkp15218 | ||
| 003 | CZ-prgp | ||
| 005 | 20260414105338.0 | ||
| 006 | m o d | ||
| 007 | cr cn | ||
| 008 | 260414s2026 xr o 000 1 cze | ||
| 020 | |a 978-80-271-6420-2 |c 407 Kč |q (online ; pdf) | ||
| 020 | |a 978-80-271-6421-9 |c 407 Kč |q (online ; epub) | ||
| 020 | |a 978-80-271-6107-2 |c 488 Kč |q (print) | ||
| 040 | |a Grada |b cze |e rda | ||
| 100 | 1 | |a Khabra, Bal | |
| 245 | 1 | 0 | |a Volná jízda |c Bal Khabra |
| 250 | |a 1. elektronické vydání | ||
| 264 | 1 | |b Cosmopolis |c 2026 | |
| 300 | |a 1 online zdroj (392 stran) | ||
| 336 | |a text |b txt |2 rdacontent | ||
| 337 | |a počítač |b c |2 rdamedia | ||
| 338 | |a online zdroj |b cr |2 rdacarrier | ||
| 520 | 3 | |a Sierra bývala úspěšnou krasobruslařkou. Ale po úrazu začala mít panické ataky pokaždé, když vstoupí na led. Nyní se pokouší o návrat na sportovní výsluní a potřebuje nového partnera. Ale jediný, kdo se jí v bruslení vyrovná, je arogantní hokejista Dylan. Na ledě je jejich přitažlivost žádoucí, ale jak si s ní poradí mimo světla reflektorů? | |
| 650 | 0 | 4 | |a Romantika, romány pro ženy |
| 650 | 0 | 4 | |a Milostné romány |
| 856 | 4 | 0 | |u https://www.bookport.cz/AccountSaml/SignIn/?idp=https://shibboleth.utb.cz/idp/shibboleth&returnUrl=/kniha/volna-jizda-15987/ |y Dostupné v BOOKPORT po přihlášení pomocí eduID |